[Event "Championnat de France - Open A"]
[Site "Pau"]
[Date "2008.08.16"]
[Round "5.77"]
[White "Achereiner, Guillaume"]
[Black "Kirk, Jason"]
[Result "1-0"]
[WhiteElo "2025"]
[BlackElo "1979"]
[PlyCount "79"]

1. d4 Nf6 2. c4 g6 3. Nc3 Bg7 4. e4 d6 5. Nf3 O-O 6. Be2 e5 7. O-O Nc6 8. d5
Ne7 9. b4 Nd7 10. c5 dxc5 11. bxc5 Nxc5 12. Ba3 b6 13. Bxc5 bxc5 14. Rb1 a6 15.
Na4 Qd6 16. Qc2 Bh6 17. Qxc5 f5 18. Qxd6 cxd6 19. exf5 Nxf5 20. Nc3 Ra7 21. Rb6
Rc7 22. Ne4 Rc2 23. Bxa6 Rxa2 24. Bxc8 Rxc8 25. Rfb1 Rac2 26. g4 Nd4 27. Nxd4
exd4 28. g5 Bg7 29. Nxd6 Rc1+ 30. Rxc1 Rxc1+ 31. Kg2 d3 32. Rb8+ Bf8 33. Ne4
Re1 34. Kf3 Kf7 35. Rb7+ Ke8 36. d6 Kd8 37. Nc5 Ke8 38. Rb8+ Kf7 39. d7 d2 40.
Rxf8+ 1-0

[Event "Championnat de France - Open A"]
[Site "Pau"]
[Date "2008.08.16"]
[Round "5.78"]
[White "Cartigny, Patrick"]
[Black "Bekhouche, Christophe"]
[Result "0-1"]
[WhiteElo "2020"]
[BlackElo "1973"]
[PlyCount "46"]

1. e4 e6 2. d4 d5 3. exd5 exd5 4. Nf3 Bd6 5. c4 dxc4 6. Bxc4 Ne7 7. O-O O-O 8.
Nc3 Bg4 9. Be3 Nbc6 10. Re1 Nf5 11. h3 Bxf3 12. Qxf3 Nfxd4 13. Bxd4 Nxd4 14.
Qd3 Nc6 15. Qf5 g6 16. Qc2 Ne5 17. Bb3 Qg5 18. Qe4 Nc6 19. Nd5 Rae8 20. Qf3 Re5
21. Nf6+ Kg7 22. Ne4 Qe7 23. Re3 Nd4 0-1

[Event "Championnat de France - Open A"]
[Site "Pau"]
[Date "2008.08.17"]
[Round "6.1"]
[White "Lambert, Romain"]
[Black "Buscara, Sevan"]
[Result "1/2-1/2"]
[WhiteElo "1953"]
[BlackElo "2159"]
[PlyCount "76"]

1. d4 d5 2. c4 c6 3. Nc3 Nf6 4. Nf3 a6 5. e3 b5 6. b3 Bg4 7. h3 Bxf3 8. Qxf3 e5
9. dxe5 Bb4 10. Bd2 Bxc3 11. Bxc3 Ne4 12. Bb4 bxc4 13. Bxc4 Qb6 14. a3 a5 15.
Bd6 Nxd6 16. exd6 O-O 17. Be2 Qc5 18. O-O Qxd6 19. Rfd1 Nd7 20. Qf5 Rab8 21.
Qc2 Rb6 22. e4 d4 23. Qd2 c5 24. Rab1 Rfb8 25. Qxa5 Qe7 26. b4 Qxe4 27. Bg4 Ra8
28. Bf3 Rxa5 29. Bxe4 Raa6 30. bxc5 Nxc5 31. Rxb6 Rxb6 32. Rxd4 g6 33. Bf3 Ra6
34. Rc4 Ra5 35. Bc6 Nd3 36. Rc3 Nf4 37. Kh2 Ne6 38. Bf3 Nd4 1/2-1/2

[Event "Championnat de France - Open A"]
[Site "Pau"]
[Date "2008.08.17"]
[Round "6.2"]
[White "Iglesias, Joachim"]
[Black "Dionisi, Thomas"]
[Result "0-1"]
[WhiteElo "2187"]
[BlackElo "2067"]
[PlyCount "104"]

1. d4 g6 2. e4 Bg7 3. Nc3 d6 4. f4 Nf6 5. Nf3 c5 6. e5 dxe5 7. Bb5+ Bd7 8. dxe5
Ng4 9. Ng5 O-O 10. Bc4 Nh6 11. Be3 Qa5 12. O-O Bg4 13. Qe1 Nc6 14. Qf2 Bf5 15.
h3 Nd4 16. Nd5 e6 17. Ne7+ Kh8 18. c3 Nc2 19. Rac1 Nxe3 20. Qxe3 Qc7 21. Nxf5
Nxf5 22. Qf3 h6 23. Ne4 Rad8 24. g4 Ne7 25. Nd6 Qc6 26. Nxb7 Rb8 27. Qxc6 Nxc6
28. Ba6 g5 29. fxg5 hxg5 30. Nxc5 Rxb2 31. Rf2 Rxf2 32. Kxf2 Nxe5 33. Ne4 Rb8
34. Rc2 f6 35. Ke3 Kg8 36. Rf2 Rf8 37. c4 Kf7 38. Nxg5+ Ke7 39. Nf3 Bh6+ 40.
Ke4 Nd7 41. Bb5 Nc5+ 42. Kd4 Rd8+ 43. Kxc5 Be3+ 44. Kc6 Bxf2 45. g5 e5 46. h4
e4 47. gxf6+ Kxf6 48. Ng5 e3 49. Ne4+ Ke5 50. Nxf2 exf2 51. c5 Rc8+ 52. Kb7
Rxc5 0-1

[Event "Championnat de France - Open A"]
[Site "Pau"]
[Date "2008.08.17"]
[Round "6.4"]
[White "Ider, Borya"]
[Black "Platel, Alexandre"]
[Result "1/2-1/2"]
[WhiteElo "2065"]
[BlackElo "2190"]
[PlyCount "67"]

1. d4 Nf6 2. Nf3 g6 3. g3 Bg7 4. Bg2 O-O 5. O-O d5 6. c4 c6 7. cxd5 Nxd5 8. e4
Nb6 9. h3 N8d7 10. Nc3 e5 11. d5 cxd5 12. exd5 h6 13. Be3 Kh7 14. a4 f5 15. Qb3
e4 16. Nd4 Nc5 17. Qb5 Nd3 18. a5 Bd7 19. Qb3 Nc8 20. a6 bxa6 21. Ne6 Bxe6 22.
dxe6 Nd6 23. Rxa6 Rb8 24. Qd5 Nc8 25. Qd7 Qxd7 26. exd7 Nb6 27. Rxa7 Nc4 28.
Nd5 Rbd8 29. b3 Nxe3 30. fxe3 Nc5 31. Nb6 Be5 32. Rd1 Bb8 33. Ra5 Nd3 34. Rd5
1/2-1/2

[Event "Championnat de France - Open A"]
[Site "Pau"]
[Date "2008.08.17"]
[Round "6.5"]
[White "Millon, Valentin"]
[Black "Zarrouati, Pierre"]
[Result "0-1"]
[WhiteElo "1991"]
[BlackElo "2188"]
[PlyCount "38"]

1. e4 e5 2. Nf3 Nc6 3. Bb5 Nd4 4. Nxd4 exd4 5. Bc4 Nf6 6. d3 d5 7. exd5 Nxd5 8.
O-O Be6 9. c3 Bc5 10. b4 Be7 11. Qb3 O-O 12. Bd2 b5 13. Bxd5 Bxd5 14. Qc2 Bd6
15. cxd4 Qh4 16. g3 Qh3 17. f3 Rae8 18. Be1 Bxf3 19. Rxf3 Rxe1+ 0-1

[Event "Championnat de France - Open A"]
[Site "Pau"]
[Date "2008.08.17"]
[Round "6.6"]
[White "Smith, Matthieu"]
[Black "Chamaillard, Sylvain"]
[Result "0-1"]
[WhiteElo "2064"]
[BlackElo "2109"]
[PlyCount "82"]

1. d4 Nf6 2. c4 e6 3. Nf3 b6 4. Nc3 Bb4 5. Qc2 Bb7 6. Bg5 h6 7. Bh4 c5 8. e3
O-O 9. Bxf6 Qxf6 10. Be2 cxd4 11. exd4 Bxf3 12. Bxf3 Nc6 13. Bxc6 dxc6 14. a3
Bxc3+ 15. bxc3 c5 16. Rd1 Rfd8 17. Qe4 Rac8 18. O-O cxd4 19. Rxd4 Rc7 20. Rfd1
Rdc8 21. f4 g6 22. Rb1 Qe7 23. Rbd1 Kh7 24. Ra1 Rc5 25. Rad1 R8c7 26. Qa8 Rxc4
27. Rxc4 Rxc4 28. Rd8 Rxc3 29. Rh8+ Kg7 30. Rg8+ Kf6 31. h3 Qxa3 32. Kh2 Qd6
33. Qe4 b5 34. Rd8 Qxd8 35. Qe5+ Ke7 36. Qxc3 Qd6 37. Qe3 a6 38. g3 b4 39. Kg2
a5 40. Qa7+ Kf6 41. Qxa5 Qd5+ 0-1

[Event "Championnat de France - Open A"]
[Site "Pau"]
[Date "2008.08.17"]
[Round "6.7"]
[White "Fejzovski, Ekrem"]
[Black "Marcantoni, Herve"]
[Result "0-1"]
[WhiteElo "2093"]
[BlackElo "2198"]
[PlyCount "80"]

1. e4 c5 2. d4 cxd4 3. c3 Nf6 4. e5 Nd5 5. cxd4 e6 6. Nc3 Nxc3 7. bxc3 Qc7 8.
Bd2 d6 9. f4 Be7 10. Nf3 Nd7 11. Bd3 O-O 12. O-O b6 13. Ng5 Bxg5 14. exd6 Qxd6
15. fxg5 Bb7 16. Rf4 g6 17. Rh4 e5 18. Qg4 Rfe8 19. Rf1 Bd5 20. Qg3 Qc6 21. a4
Qe6 22. Bb5 Bc6 23. Qf2 Rac8 24. Ba6 Rcd8 25. c4 exd4 26. Rxd4 Nc5 27. Bb5 Rxd4
28. Qxd4 Nb3 29. Qf2 Nxd2 30. Bxc6 Qxc6 31. Qxd2 Qc5+ 32. Kh1 Qxc4 33. Ra1 a6
34. Qb2 Qxa4 35. Rf1 Qc4 36. Rg1 b5 37. h3 b4 38. Qf6 a5 39. Rd1 a4 40. Rd8
Qc1+ 0-1

[Event "Championnat de France - Open A"]
[Site "Pau"]
[Date "2008.08.17"]
[Round "6.8"]
[White "Marciniak, Alexandre"]
[Black "Fievet, Patrick"]
[Result "1-0"]
[WhiteElo "2186"]
[BlackElo "2091"]
[PlyCount "93"]

1. e4 e6 2. d4 d5 3. Nd2 dxe4 4. Nxe4 Nd7 5. Nf3 Ngf6 6. Nxf6+ Nxf6 7. c3 c5 8.
Ne5 a6 9. Bg5 cxd4 10. Qa4+ Bd7 11. Qxd4 Be7 12. Rd1 Bb5 13. Bxb5+ axb5 14. Qf4
Qc7 15. O-O O-O 16. Ng6 Qxf4 17. Nxe7+ Kh8 18. Bxf4 Rfe8 19. Bd6 Rxa2 20. f3
Rxb2 21. Be5 Rxe7 22. Rd8+ Re8 23. Bxf6 Rxd8 24. Bxd8 b4 25. cxb4 Rxb4 26. Rd1
h6 27. Rd7 Kg8 28. Be7 Rb2 29. Rd8+ Kh7 30. Rd4 Rc2 31. Rb4 Rc7 32. Bd8 Rd7 33.
Bb6 Rd6 34. Bc7 Rd7 35. Rxb7 Kg6 36. Ra7 h5 37. Bb6 Rd6 38. Be3 Rc6 39. Kf2
Rc2+ 40. Kg3 Re2 41. Bd4 e5 42. Re7 Kf6 43. Rxe5 Rxe5 44. f4 Kf5 45. Bxe5 g5
46. Bg7 h4+ 47. Kf3 1-0

[Event "Championnat de France - Open A"]
[Site "Pau"]
[Date "2008.08.17"]
[Round "6.9"]
[White "Derieux, Christian"]
[Black "Kharmoudi, Slimane"]
[Result "1-0"]
[WhiteElo "2149"]
[BlackElo "2087"]
[PlyCount "71"]

1. d4 Nf6 2. c4 c5 3. d5 b5 4. cxb5 a6 5. bxa6 Bxa6 6. b3 g6 7. Bb2 Bg7 8. e4
Bxf1 9. Kxf1 d6 10. g3 O-O 11. Qe2 Nbd7 12. Kg2 Ra5 13. Nc3 Qa8 14. Rd1 Ne8 15.
Nh3 Nc7 16. Nf4 Rb8 17. Rd2 Na6 18. h4 Nb4 19. a4 Ne5 20. Nb5 Rc8 21. Bxe5 Bxe5
22. h5 Kg7 23. hxg6 hxg6 24. Qc4 Qb7 25. Nd3 Nxd3 26. Rxd3 Qd7 27. Qc1 c4 28.
Rf3 Bf6 29. Rxf6 Kxf6 30. Qc3+ e5 31. dxe6+ Kxe6 32. Qxa5 Qb7 33. Nd4+ Kf6 34.
Qd5 Qxd5 35. exd5 cxb3 36. Nxb3 1-0

[Event "Championnat de France - Open A"]
[Site "Pau"]
[Date "2008.08.17"]
[Round "6.10"]
[White "Quenehen, Marc"]
[Black "Renaudin, Mathieu"]
[Result "1/2-1/2"]
[WhiteElo "2084"]
[BlackElo "2146"]
[PlyCount "80"]

1. d4 Nf6 2. c4 e6 3. Nc3 Bb4 4. a3 Bxc3+ 5. bxc3 d6 6. f3 O-O 7. e4 Nc6 8. Bd3
e5 9. Ne2 b6 10. O-O Re8 11. Be3 Ba6 12. Ng3 Na5 13. Qe2 Qd7 14. Bg5 exd4 15.
Bxf6 gxf6 16. Nf5 Qxf5 17. exf5 Rxe2 18. Bxe2 Re8 19. Rfe1 dxc3 20. Kf2 Re5 21.
Rac1 Bxc4 22. Bxc4 Nxc4 23. Rxc3 d5 24. f4 Rxe1 25. Kxe1 b5 26. g4 d4 27. Rb3
a6 28. h4 c5 29. Ke2 Kf8 30. Rg3 Ke7 31. h5 Ne3 32. Kd3 a5 33. Rxe3+ dxe3 34.
Kxe3 a4 35. Kd3 h6 36. Kc3 Kd6 37. g5 Ke7 38. g6 Kf8 39. Kc2 b4 40. axb4 cxb4
1/2-1/2

[Event "Championnat de France - Open A"]
[Site "Pau"]
[Date "2008.08.17"]
[Round "6.11"]
[White "Le Hetet, Nicolas"]
[Black "Poignot, Quentin"]
[Result "0-1"]
[WhiteElo "2123"]
[BlackElo "2087"]
[PlyCount "76"]

1. e4 c5 2. Nf3 d6 3. d4 cxd4 4. Nxd4 Nf6 5. Nc3 g6 6. Be3 Bg7 7. f3 O-O 8. Qd2
Nc6 9. O-O-O d5 10. exd5 Nxd5 11. Nxc6 bxc6 12. Bd4 e5 13. Bc5 Be6 14. Ne4 Re8
15. h4 h6 16. g4 f5 17. gxf5 gxf5 18. Ng3 Nf4 19. Rg1 Qf6 20. Qa5 Red8 21. Ba6
e4 22. c3 Rxd1+ 23. Rxd1 Qxh4 24. fxe4 Qxg3 25. Rg1 Qh2 26. Bd4 Nh5 27. Qc5 Rf8
28. Be5 f4 29. Bd4 Ng3 30. Bxg7 Kxg7 31. Qe5+ Rf6 32. Rd1 Qh5 33. Qb8 Qf7 34.
e5 Rg6 35. Bd3 Nf5 36. Be4 Bxa2 37. Bxf5 Qxf5 38. Qxa7+ Bf7 0-1

[Event "Championnat de France - Open A"]
[Site "Pau"]
[Date "2008.08.17"]
[Round "6.12"]
[White "Dargagnon, Remi"]
[Black "Ferry, Roger"]
[Result "0-1"]
[WhiteElo "2079"]
[BlackElo "2120"]
[PlyCount "86"]

1. e4 e6 2. d4 d5 3. Nc3 Bb4 4. Qd3 dxe4 5. Qxe4 Nf6 6. Qh4 c5 7. Nf3 Nd5 8.
Qxd8+ Kxd8 9. Bd2 Nc6 10. O-O-O Nxc3 11. Bxc3 Bxc3 12. bxc3 Kc7 13. dxc5 e5 14.
Ng5 f6 15. Nf7 Rf8 16. Nd6 a6 17. Bc4 Bg4 18. f3 Bh5 19. g4 Bg6 20. h4 h6 21.
h5 Bh7 22. Nf5 Bg8 23. Bxg8 Rxg8 24. Rd6 Rad8 25. Rhd1 Rxd6 26. Rxd6 Nb8 27.
Rd5 Nc6 28. Kd2 Nd8 29. Ke3 Ne6 30. c4 Rf8 31. Ng3 Rf7 32. Ke4 Ng5+ 33. Kf5
Nxf3 34. Kg6 Ng5 35. Nf5 e4 36. Nxg7 e3 37. Ne8+ Kc6 38. Nxf6 Rxf6+ 39. Kxf6
Ne4+ 40. Ke5 e2 41. Kxe4 e1=Q+ 42. Kf5 Qf1+ 43. Ke5 Qe2+ 0-1

[Event "Championnat de France - Open A"]
[Site "Pau"]
[Date "2008.08.17"]
[Round "6.13"]
[White "Grandadam, Nicolas"]
[Black "Favarel, Antoine"]
[Result "1/2-1/2"]
[WhiteElo "2112"]
[BlackElo "2074"]
[PlyCount "70"]

1. Nf3 d5 2. d4 Nf6 3. c4 e6 4. Nc3 Nbd7 5. cxd5 exd5 6. Bf4 c6 7. Qc2 Be7 8.
h3 Nf8 9. e3 Ng6 10. Bh2 Bd6 11. Bxd6 Qxd6 12. Bd3 Be6 13. O-O O-O 14. Rab1 a6
15. b4 Nd7 16. a4 Rac8 17. a5 Rc7 18. Na4 Qe7 19. Nc5 Nxc5 20. bxc5 Qf6 21. Nd2
Nh4 22. f4 Bf5 23. g4 Bxd3 24. Qxd3 Rd7 25. Nf3 Nxf3+ 26. Rxf3 Re8 27. Rb3 Re4
28. Kg2 Qe7 29. Qb1 Kf8 30. Qg1 Ke8 31. Rf1 Kd8 32. Rfb1 Kc8 33. Qf2 g5 34. f5
h5 35. Qg3 h4 1/2-1/2

[Event "Championnat de France - Open A"]
[Site "Pau"]
[Date "2008.08.17"]
[Round "6.14"]
[White "Brongers, Henk"]
[Black "Velten, Paul"]
[Result "1-0"]
[WhiteElo "2070"]
[BlackElo "2112"]
[PlyCount "45"]

1. e4 e6 2. d4 d5 3. Nc3 Nc6 4. Nf3 Nf6 5. Bg5 Be7 6. e5 Ne4 7. Bxe7 Qxe7 8.
Nxe4 dxe4 9. Nd2 Nxd4 10. Nxe4 Nc6 11. Qd2 Nxe5 12. Qc3 f6 13. O-O-O O-O 14. h4
Nf7 15. g4 f5 16. gxf5 exf5 17. Ng5 Nxg5 18. hxg5 Be6 19. f4 g6 20. Re1 b5 21.
Bxb5 Qd6 22. Rxe6 Qd5 23. Rxg6+ 1-0

[Event "Championnat de France - Open A"]
[Site "Pau"]
[Date "2008.08.17"]
[Round "6.15"]
[White "Vuillermoz, Robert"]
[Black "David, Frederic"]
[Result "1-0"]
[WhiteElo "2105"]
[BlackElo "2054"]
[PlyCount "65"]

1. e4 d5 2. exd5 Nf6 3. d4 Qxd5 4. Nc3 Qa5 5. Nf3 c6 6. Bc4 Bf5 7. Ne5 e6 8.
Bd2 Nbd7 9. Qe2 Bb4 10. Nxd7 Nxd7 11. O-O-O Nb6 12. Bb3 O-O-O 13. a3 Bxc3 14.
Bxc3 Qb5 15. Qxb5 cxb5 16. Ba5 Rd6 17. Bxb6 Rxb6 18. Rhe1 Re8 19. Re5 Rd6 20.
Rc5+ Kb8 21. c3 a6 22. Re5 Kc7 23. Rde1 b6 24. h3 Bd3 25. R1e3 Bc4 26. Bxc4
bxc4 27. Rh5 h6 28. Rg3 g6 29. Rxh6 e5 30. Rh7 exd4 31. Rxf7+ Kb8 32. cxd4 Rxd4
33. Kb1 {suite illisible} 1-0

[Event "Championnat de France - Open A"]
[Site "Pau"]
[Date "2008.08.17"]
[Round "6.16"]
[White "Gozzoli, Cyrille"]
[Black "Dubocage, Claude"]
[Result "1/2-1/2"]
[WhiteElo "2104"]
[BlackElo "1970"]
[PlyCount "28"]

1. d4 g6 2. Nf3 Bg7 3. Bg5 d6 4. e3 c5 5. c3 Nd7 6. Nbd2 Ngf6 7. Bd3 O-O 8. O-O
Qc7 9. Rc1 a6 10. b4 b6 11. Qe2 Bb7 12. a4 a5 13. Bb5 Bc6 14. Nb3 Bxb5 1/2-1/2

[Event "Championnat de France - Open A"]
[Site "Pau"]
[Date "2008.08.17"]
[Round "6.17"]
[White "Migot, Tanguy"]
[Black "Ruffenach, Alain"]
[Result "1-0"]
[WhiteElo "2050"]
[BlackElo "2100"]
[PlyCount "115"]

1. e4 g6 2. d4 Bg7 3. Nc3 d6 4. Be3 Nf6 5. f3 c6 6. g4 b5 7. Qd2 Nbd7 8. h4 h6
9. Nge2 b4 10. Nd1 a5 11. Ng3 e5 12. Nf2 d5 13. g5 hxg5 14. hxg5 Rxh1 15. Nfxh1
Nh7 16. exd5 cxd5 17. O-O-O Bb7 18. dxe5 Bxe5 19. f4 Bg7 20. f5 Be5 21. Re1 Qc7
22. fxg6 fxg6 23. Ne2 Qc4 24. Kb1 Qh4 25. Nf2 Nxg5 26. Bxg5 Qxf2 27. Bh3 Qh2
28. Ng1 Qxd2 29. Bxd2 Ke7 30. Bxd7 Kxd7 31. Rxe5 Rf8 32. Bc1 Rf5 33. Rxf5 gxf5
34. Nf3 Kd6 35. Bf4+ Kc5 36. Be3+ Kd6 37. Bd4 Ke6 38. Ng5+ Ke7 39. Kc1 Bc8 40.
Kd2 Kd6 41. Nh3 Be6 42. Nf4 Bf7 43. Bb6 a4 44. b3 axb3 45. axb3 Kc6 46. Bd4 Kb5
47. Bf6 Kc5 48. Nd3+ Kd6 49. Nxb4 f4 50. Nd3 Ke6 51. Bg5 f3 52. Ke3 Kf5 53. Bd8
Bh5 54. b4 Kg4 55. Kf2 Kf5 56. b5 Be8 57. b6 Bc6 58. Kxf3 1-0

[Event "Championnat de France - Open A"]
[Site "Pau"]
[Date "2008.08.17"]
[Round "6.18"]
[White "Fernandez, Laura"]
[Black "Lallement, Victor"]
[Result "1/2-1/2"]
[WhiteElo "2003"]
[BlackElo "2097"]
[PlyCount "70"]

1. e4 c5 2. Nf3 d6 3. d4 cxd4 4. Nxd4 Nf6 5. Nc3 a6 6. Be3 e5 7. Nb3 Be6 8. Qd2
Be7 9. f3 O-O 10. O-O-O Nbd7 11. g4 b5 12. Nd5 Bxd5 13. exd5 Nb6 14. Bxb6 Qxb6
15. g5 Nh5 16. h4 a5 17. Kb1 Rfc8 18. Bh3 Rc4 19. Qe1 Nf4 20. Bf1 Rc7 21. Qe4
Qb7 22. Nd4 Rc5 23. Nc6 Bf8 24. h5 g6 25. hxg6 fxg6 26. Rd2 Qf7 27. Bh3 Rc4 28.
Be6 Nxe6 29. dxe6 Qe8 30. Nd4 Rxd4 31. Rxd4 exd4 32. e7 Bg7 33. Qd5+ Kh8 34.
Re1 Rc8 35. Qxd6 a4 1/2-1/2

[Event "Championnat de France - Open A"]
[Site "Pau"]
[Date "2008.08.17"]
[Round "6.19"]
[White "Redon, Bruno"]
[Black "Marchadour, Claire"]
[Result "1/2-1/2"]
[WhiteElo "2164"]
[BlackElo "2060"]
[PlyCount "163"]

1. e4 c5 2. Nf3 d6 3. d4 cxd4 4. Nxd4 Nf6 5. Nc3 Nc6 6. Bc4 e6 7. Be3 Be7 8.
Qe2 Nxd4 9. Bxd4 a6 10. O-O-O b5 11. Bb3 O-O 12. g4 Nd7 13. f4 Qc7 14. f5 Nc5
15. e5 Nxb3+ 16. axb3 dxe5 17. Bxe5 Qc6 18. Kb1 Bb7 19. Rhe1 f6 20. Bg3 e5 21.
Nd5 Rf7 22. g5 Bf8 23. g6 Rd7 24. gxh7+ Kh8 25. Nc3 Rad8 26. Rxd7 Qxd7 27. Qh5
b4 28. Nd1 Qe8 29. Qg4 Qf7 30. Bf2 Bc6 31. Bb6 Rb8 32. Bg1 Bb5 33. Ne3 Rd8 34.
Ng2 Be8 35. Nh4 Qh5 36. h3 Qxg4 37. hxg4 Kxh7 38. Bb6 Rd7 39. Be3 g5 40. Nf3
Be7 41. c3 bxc3 42. bxc3 Rb7 43. Kc2 Bc6 44. Nd2 Bd8 45. Ra1 a5 46. Bc5 Kg7 47.
Ra2 Bg2 48. Ra4 Rd7 49. Ne4 Bc7 50. Be3 Kf7 51. Nc5 Rd6 52. b4 Bf3 53. Kb2 axb4
54. cxb4 Bxg4 55. Ra7 Bxf5 56. Rxc7+ Kg6 57. b5 Rb6 58. Rb7 Rxb7 59. Nxb7 Be4
60. Nd6 Bd5 61. Kc3 f5 62. Kd2 f4 63. Ba7 Kf6 64. b6 g4 65. b7 Bxb7 66. Nxb7
Kg5 67. Ke2 e4 68. Nc5 Kf5 69. Nb3 g3 70. Nd2 e3 71. Nf3 Kg4 72. Ng1 g2 73. Nf3
Kh3 74. Bc5 Kg4 75. Bb4 Kg3 76. Be1+ Kh3 77. Bc3 Kg4 78. Ng1 Kg3 79. Be1+ Kh2
80. Bf2 exf2 81. Kxf2 f3 82. Nxf3+ 1/2-1/2

[Event "Championnat de France - Open A"]
[Site "Pau"]
[Date "2008.08.17"]
[Round "6.20"]
[White "Debray, Tristan"]
[Black "Lahilhanne, Philippe"]
[Result "1/2-1/2"]
[WhiteElo "2145"]
[BlackElo "2051"]
[PlyCount "106"]

1. e4 g6 2. d4 Bg7 3. Nc3 d6 4. Bg5 c6 5. Qd2 a6 6. f3 Qc7 7. Nge2 Nd7 8. g4 h5
9. gxh5 Rxh5 10. h4 b6 11. Ng3 Rh8 12. h5 Bb7 13. Bc4 Ngf6 14. hxg6 Rxh1+ 15.
Nxh1 fxg6 16. O-O-O O-O-O 17. Bf7 Nf8 18. d5 cxd5 19. exd5 Kb8 20. Re1 Rc8 21.
Nf2 b5 22. a3 Qc5 23. Rxe7 N6d7 24. Nfd1 Ne5 25. Be3 Qc4 26. Qd4 Qxd4 27. Bxd4
Bf6 28. Re8 Bg5+ 29. Be3 Bxe3+ 30. Nxe3 Nxf7 31. Re7 Ne5 32. Ne4 Rd8 33. Nxd6
Rxd6 34. Rxe5 Kc7 35. Kd2 Nd7 36. Rg5 Nb6 37. Ke2 Nxd5 38. Ng4 Re6+ 39. Kf2 Kd6
40. Nh6 Ke7 41. Rg1 Nb6 42. b3 Kf8 43. Ng4 Kf7 44. Rh1 Kg7 45. Rd1 Re7 46. Rd6
Nd7 47. Kg3 Nf8 48. f4 Rc7 49. Ne3 Nd7 50. f5 gxf5 51. Nxf5+ Kf8 52. Kf4 Nc5
53. Ke5 Rd7 1/2-1/2

[Event "Championnat de France - Open A"]
[Site "Pau"]
[Date "2008.08.17"]
[Round "6.21"]
[White "Garro, Pierre"]
[Black "Martinet, Regis"]
[Result "1-0"]
[WhiteElo "2140"]
[BlackElo "2049"]
[PlyCount "67"]

1. e4 c5 2. Nf3 Nc6 3. d4 cxd4 4. Nxd4 Nf6 5. Nc3 e5 6. Ndb5 d6 7. Bg5 a6 8.
Na3 b5 9. Bxf6 gxf6 10. Nd5 Bg7 11. Bd3 Ne7 12. Nxe7 Qxe7 13. O-O f5 14. c4 O-O
15. Qf3 f4 16. cxb5 Qg5 17. Qe2 f5 18. f3 Rf6 19. bxa6 Rh6 20. exf5 d5 21. Nc2
Bf8 22. Qxe5 Bc5+ 23. Nd4 Be6 24. Rf2 Bf7 25. Rc1 Bb6 26. Bb5 Qh4 27. h3 Qg5
28. Kf1 Rd8 29. Rfc2 Qg3 30. Rc8 Rxh3 31. Rxd8+ Bxd8 32. gxh3 Qxh3+ 33. Ke2
Qg2+ 34. Kd3 1-0

[Event "Championnat de France - Open A"]
[Site "Pau"]
[Date "2008.08.17"]
[Round "6.22"]
[White "Carrasco, Patrick"]
[Black "Lewis, John"]
[Result "1/2-1/2"]
[WhiteElo "2087"]
[BlackElo "2134"]
[PlyCount "113"]

1. e4 c5 2. Nf3 Nc6 3. d4 cxd4 4. Nxd4 Qc7 5. Nc3 e6 6. g3 a6 7. Bg2 Nxd4 8.
Qxd4 Ne7 9. Bf4 Nc6 10. Qd2 Ne5 11. O-O d6 12. b3 Be7 13. Ne2 O-O 14. c4 b5 15.
Rac1 bxc4 16. Be3 Qd7 17. bxc4 Bb7 18. Rfd1 Qc7 19. Qb2 Nd7 20. Bd4 Rfb8 21.
Qc3 Bf8 22. Qd3 Bc6 23. f4 e5 24. Ba1 Qb7 25. Nc3 d5 26. Qe2 dxe4 27. Nd5 exf4
28. Qxe4 fxg3 29. Ne7+ Bxe7 30. Qxc6 gxh2+ 31. Kxh2 Ra7 32. Qxb7 Raxb7 33. Bxb7
Rxb7 34. Bd4 f5 35. c5 Nf6 36. c6 Rb8 37. c7 Rc8 38. Bb6 Kf7 39. Rd8 Bxd8 40.
cxd8=Q Rxc1 41. Qd2 Rc6 42. Bd8 Re6 43. a4 h6 44. a5 g5 45. Bb6 f4 46. Qd3 g4
47. Qxa6 f3 48. Qc4 Ne4 49. Qxe6+ Kxe6 50. a6 g3+ 51. Kg1 f2+ 52. Kg2 Nd2 53.
Bxf2 gxf2 54. Kxf2 Nc4 55. a7 Nb6 56. Kg3 Kf5 57. Kh4 1/2-1/2

[Event "Championnat de France - Open A"]
[Site "Pau"]
[Date "2008.08.17"]
[Round "6.23"]
[White "Galby, Vassili"]
[Black "Jaulin, Marc"]
[Result "1/2-1/2"]
[WhiteElo "2086"]
[BlackElo "2124"]
[PlyCount "81"]

1. Nf3 c5 2. c4 g6 3. e4 Bg7 4. d4 cxd4 5. Nxd4 Nc6 6. Be3 Nf6 7. Nc3 d6 8. Be2
O-O 9. O-O Bd7 10. Qd2 Nxd4 11. Bxd4 a5 12. b3 Bc6 13. f3 Nd7 14. Be3 Nc5 15.
Rab1 Qb6 16. Rfc1 Rfc8 17. Rc2 Qd8 18. Bf1 Qf8 19. a3 b6 20. b4 axb4 21. axb4
Nd7 22. Ne2 Ra3 23. Nd4 Qd8 24. Nxc6 Rxc6 25. Rd1 Qb8 26. Kh1 Rc7 27. f4 Nf8
28. Bg1 Ra1 29. Rxa1 Bxa1 30. Ra2 Ra7 31. c5 dxc5 32. bxc5 bxc5 33. Bxc5 Rd7
34. Qe1 Bd4 35. Bxd4 Rxd4 36. g3 Qb3 37. Rf2 Nd7 38. e5 e6 39. Qe2 Nb6 40. Qb2
Qe3 41. Re2 1/2-1/2

[Event "Championnat de France - Open A"]
[Site "Pau"]
[Date "2008.08.17"]
[Round "6.24"]
[White "Blachon, Pascal"]
[Black "Baudson, Charles"]
[Result "0-1"]
[WhiteElo "2118"]
[BlackElo "2041"]
[PlyCount "58"]

1. d4 Nf6 2. c4 c5 3. d5 e6 4. Nc3 exd5 5. cxd5 d6 6. e4 g6 7. h3 Bg7 8. Nf3
O-O 9. Bg5 a6 10. a4 Nbd7 11. Bd3 Rb8 12. O-O Qc7 13. Re1 c4 14. Bc2 Re8 15.
Nd4 Nc5 16. Qe2 Nfd7 17. Qxc4 Nb6 18. Qb4 a5 19. Ndb5 axb4 20. Nxc7 Re5 21. Bd2
bxc3 22. Bxc3 Bd7 23. f4 Ree8 24. e5 Bxa4 25. Bxa4 Ncxa4 26. exd6 Rxe1+ 27.
Rxe1 Nxc3 28. bxc3 Bxc3 29. Re7 Bf6 0-1

[Event "Championnat de France - Open A"]
[Site "Pau"]
[Date "2008.08.17"]
[Round "6.25"]
[White "Iwanesko, Alexandre"]
[Black "Ralle, Pierre"]
[Result "1/2-1/2"]
[WhiteElo "2062"]
[BlackElo "2113"]
[PlyCount "82"]

1. e4 c5 2. Nf3 d6 3. d4 cxd4 4. Nxd4 Nf6 5. Nc3 g6 6. Be3 Bg7 7. Be2 Nc6 8.
Qd2 Nxd4 9. Bxd4 O-O 10. O-O-O Be6 11. Kb1 Qa5 12. a3 Rfc8 13. Bxf6 exf6 14.
Nd5 Qd8 15. g4 Rc5 16. Ne3 Rac8 17. Qxd6 Qa5 18. Qd2 Qb6 19. Qb4 Qc7 20. Qd2
Bh6 21. h3 Bxe3 22. Qxe3 Rxc2 23. Bd3 Rc5 24. f4 Bb3 25. Rde1 Kg7 26. Rhf1 Qb6
27. e5 fxe5 28. fxe5 Be6 29. Be4 Qb5 30. Bf5 Rc3 31. Bxe6 fxe6 32. Qg5 Qd3+ 33.
Ka1 Rxa3+ 34. bxa3 Qxa3+ 35. Kb1 Qb3+ 36. Ka1 Qa4+ 37. Kb1 Qb5+ 38. Ka1 Qa5+
39. Kb1 Qb6+ 40. Ka1 Qa6+ 41. Kb1 Qb5+ 1/2-1/2

[Event "Championnat de France - Open A"]
[Site "Pau"]
[Date "2008.08.17"]
[Round "6.26"]
[White "Beghin, Ronan"]
[Black "Samoun, Florent"]
[Result "1-0"]
[WhiteElo "2110"]
[BlackElo "2006"]
[PlyCount "129"]

1. e4 e6 2. d4 d5 3. Nc3 Bb4 4. e5 c5 5. a3 Bxc3+ 6. bxc3 Ne7 7. a4 Nbc6 8. Nf3
Bd7 9. Bb5 Nf5 10. O-O O-O 11. Ba3 b6 12. dxc5 bxc5 13. Bxc5 Re8 14. Qe2 Qc7
15. g4 Nh6 16. h3 Na5 17. Bxd7 Qxd7 18. Bb4 Nc4 19. a5 Qc7 20. Rfe1 f6 21. Kg2
Rab8 22. exf6 gxf6 23. Rad1 Nxa5 24. Nd4 e5 25. Bxa5 Qxa5 26. Nc6 Qc5 27. Nxb8
Rxb8 28. Qd2 Nf7 29. Qxd5 Qxc3 30. Qe6 Kg7 31. Rd7 Rf8 32. Re3 Qxc2 33. Rxa7
Qg6 34. h4 h6 35. Rf3 h5 36. Rg3 Kh8 37. gxh5 Qe4+ 38. Kh2 Qxh4+ 39. Kg1 Ng5
40. Qe7 Nh3+ 41. Rxh3 Rg8+ 42. Rg3 Rxg3+ 43. fxg3 Qxg3+ 44. Kf1 Qd3+ 45. Ke1
Qe3+ 46. Kd1 Qd3+ 47. Kc1 Qc3+ 48. Kb1 Qb3+ 49. Ka1 Qc3+ 50. Ka2 Qc2+ 51. Ka3
Qc3+ 52. Ka4 Qc4+ 53. Ka5 Qc3+ 54. Kb6 Qd4+ 55. Kc6 Qe4+ 56. Kd6 Qb4+ 57. Ke6
Qg4+ 58. Kxf6 Qh4+ 59. Kg6 Qe4+ 60. Kf7 Qh7+ 61. Ke6 Qg8+ 62. Qf7 Qc8+ 63. Rd7
Qc6+ 64. Ke7 Qc5+ 65. Ke8 1-0